| 000 | 01363cas a2200397 a 4500 | ||
|---|---|---|---|
| 001 | data | ||
| 005 | 20260322212113.0 | ||
| 008 | data | ||
| 035 | _a11466620 | ||
| 906 |
_a7 _bcbc _cserials _du _encip _f19 _gn-oclcserc |
||
| 010 | _a 96642500 | ||
| 035 | _a(OCoLC)18511431 | ||
| 040 |
_aNDD _beng _cNDD _dOCLCQ _dOCLCQ _dOCLCF _dOCLCO _dOCLCQ |
||
| 042 | _apcc | ||
| 050 | 0 | 0 |
_aHB1 _b.D573 |
| 130 | 0 | _aDiscussion paper (Universiṭat Bar-Ilan. Makhon le-meḥḳar kalkali) | |
| 245 | 1 | 0 | _aDiscussion paper. |
| 260 |
_aRamat Gan, Israel : _bDept. of Economics, Economic Research Institute, Bar-Ilan University |
||
| 300 |
_av. ; _c28 cm. |
||
| 310 | _aIrregular | ||
| 336 |
_atext _btxt _2rdacontent |
||
| 337 |
_aunmediated _bn _2rdamedia |
||
| 338 |
_avolume _bnc _2rdacarrier |
||
| 500 |
_aSeparately classified in LC before 8407. _5DLC |
||
| 588 | _aDescription based on: 8406, published in 1984. | ||
| 588 | _aLatest issue consulted: 9412, published in 1994. | ||
| 650 | 0 | _aEconomics. | |
| 650 | 0 | _aManagerial economics. | |
| 650 | 7 |
_aEconomics. _2fast _0(OCoLC)fst00902116 |
|
| 650 | 7 |
_aManagerial economics. _2fast _0(OCoLC)fst01007340 |
|
| 710 | 2 |
_aUniversiṭat Bar-Ilan. _bMakhon le-meḥḳar kalkali. |
|
| 991 |
_bc-GenColl _hHB1 _i.D573 _wSERIALS |
||
| 999 |
_c1702 _d1702 |
||